Applications et cas de comptabilité analytique : avec test, QCM. et corrigés : tome 1, Méthodologie de l'analyse (Record no. 42028)
[ view plain ]
| 000 -LEADER | |
|---|---|
| fixed length control field | 00754 a2200289 4500 |
| 037 ## - SOURCE OF ACQUISITION | |
| Source of stock number/acquisition | 2, Achat |
| 037 ## - SOURCE OF ACQUISITION | |
| Stock number | De 4119 |
| 037 ## - SOURCE OF ACQUISITION | |
| Stock number | De 4120 |
| 020 ## - NUMERO INTERNATIONAL NORMALISE DES LIVRES | |
| International Standard Book Number | 2-04-001694-5 |
| 100 ## - VEDETTE PRINCIPALE - NOM DE PERSONNE | |
| Personal name | Cibert, André |
| 100 ## - VEDETTE PRINCIPALE - NOM DE PERSONNE | |
| Language of a work | Fr |
| 260 ## - PUBLICATION, DISTRIBUTION, ETC. (IMPRINT) | |
| Place of publication, distribution, etc | Paris |
| 260 ## - PUBLICATION, DISTRIBUTION, ETC. (IMPRINT) | |
| Name of publisher, distributor, etc | Dunod |
| 245 ## - TITLE STATEMENT | |
| Title | Applications et cas de comptabilité analytique : avec test, QCM. et corrigés : tome 1, Méthodologie de l'analyse |
| 260 ## - PUBLICATION, DISTRIBUTION, ETC. (IMPRINT) | |
| Date of publication, distribution, etc | 1979 |
| 300 ## - PHYSICAL DESCRIPTION | |
| Extent | 202 p. |
| 300 ## - PHYSICAL DESCRIPTION | |
| Other physical details | 24cm |
| 440 ## - SERIES STATEMENT/ADDED ENTRY--TITLE | |
| Title | Collection Université et Technique |
| 630 ## - SUBJECT ADDED ENTRY--UNIFORM TITLE | |
| Uniform title | 657 - Comptabilité |
| 650 ## - SUBJECT ADDED ENTRY--TOPICAL TERM | |
| Topical term or geographic name as entry element | 6 - SCIENCES APPLIQUEES |
| 650 ## - SUBJECT ADDED ENTRY--TOPICAL TERM | |
| Topical term or geographic name as entry element | Comptabilité analytique |
| 700 ## - ADDED ENTRY--PERSONAL NAME | |
| Personal name | Bouquin, Henri |
| 700 ## - ADDED ENTRY--PERSONAL NAME | |
| Personal name | col., Maillard, C. |
| 700 ## - ADDED ENTRY--PERSONAL NAME | |
| Personal name | col., Fouquet, A. |
| Withdrawn status | Lost status | Damaged status | Not for loan | Location (home branch) | Sublocation or collection (holding branch) | Date acquired | Koha issues (times borrowed) | Koha full call number | Koha date last seen | Price effective from | Koha item type |
|---|---|---|---|---|---|---|---|---|---|---|---|
| Bibliothèque Universitaire Centrale | Bibliothèque Universitaire Centrale | 28/02/2009 | 657.47 CIB | 28/02/2009 | 28/02/2009 | Livre |